Guess the Famous People from their Eyes #27 - Statistics

General Stats
  • This quiz has been taken 212 times
    88 since last reset
  • The average score is 4 of 16
Answer Stats
Picture Answer % Correct
Tupac Shakur
81%
Owen Wilson
68%
John Travolta
65%
Ashton Kutcher
41%
Colin Farrell
38%
John Stamos
30%
Condoleezza Rice
26%
Carrie Underwood
19%
Tyson Fury
17%
Elizabeth Banks
15%
Karen Gillan
11%
Billie Piper
9%
Emma Raducanu
6%
Michael Johnson
6%
Zsa Zsa Gabor
6%
Dannii Minogue
2%
No matching quizzes found
Score Distribution
Percent of People with Each Score
Percentile by Number Answered
Your Score History
You have not taken this quiz since the last reset